Training for agricultural and rural development 1997-98 / (Record no. 4017)

MARC details
000 -LEADER
fixed length control field 00717nam a22002177a 4500
001 - CONTROL NUMBER
control field BD-DhSAU 4017
003 - CONTROL NUMBER IDENTIFIER
control field BD-DhSAU
005 - DATE AND TIME OF LATEST TRANSACTION
control field 20150211105258.0
008 - FIXED-LENGTH DATA ELEMENTS--GENERAL INFORMATION
fixed length control field 150211b1998 ii a|||| |||| 000 0 eng d
020 ## - INTERNATIONAL STANDARD BOOK NUMBER
International Standard Book Number 817035246
040 ## - CATALOGING SOURCE
Original cataloging agency BD-DhSAU
082 ## - DEWEY DECIMAL CLASSIFICATION NUMBER
Edition number 22
Classification number 631.546
Item number TRA
110 ## - MAIN ENTRY--CORPORATE NAME
Corporate name or jurisdiction name as entry element Food and Agriculture Organization in the United Nations (FAO)
245 ## - TITLE STATEMENT
Title Training for agricultural and rural development 1997-98 /
Statement of responsibility, etc. Food and Agriculture Organization in the United Nations (FAO)
260 ## - PUBLICATION, DISTRIBUTION, ETC. (IMPRINT)
Place of publication, distribution, etc. India :
Name of publisher, distributor, etc. Daya Publishing House ,
Date of publication, distribution, etc. 1998.
300 ## - PHYSICAL DESCRIPTION
Extent 176 p. :
Other physical details ill. ;
Dimensions 21 cm.
504 ## - BIBLIOGRAPHY, ETC. NOTE
Bibliography, etc Include bibliography
590 ## - Name of Cataloguer
Name of Cataloger tamanna
650 ## - SUBJECT ADDED ENTRY--TOPICAL TERM
Topical term or geographic name as entry element rural development
650 ## - SUBJECT ADDED ENTRY--TOPICAL TERM
Topical term or geographic name as entry element agricultural development
942 ## - ADDED ENTRY ELEMENTS (KOHA)
Source of classification or shelving scheme Dewey Decimal Classification
Koha item type Book
Holdings
Withdrawn status Lost status Source of classification or shelving scheme Damaged status Not for loan Home library Branch Name Shelving location Date acquired Total Checkouts Full call number Barcode Date last seen Price effective from Koha item type
    Dewey Decimal Classification     SAU Library SAU Library General Stacks 03/12/2004   631.546 TRA 31159 11/02/2015 11/02/2015 Book